Godzilla Monsters - Statistics

General Stats
  • This quiz has been taken 2,588 times
    2,527 since last reset
  • The average score is 20 of 34
Answer Stats
Hint Answer % Correct
King of the Monsters Godzilla
99%
Giant gorilla, previously star of his own movie King Kong
95%
Benevolent guardian of the planet, sometimes appearing in larvae form Mothra
93%
Flying monster that resembles a pterodactyl Rodan
85%
Robot version of the King Mechagodzilla
84%
Three-headed dragon King Ghidorah
82%
Outer space version of the King Space Godzilla
69%
Cyborg with hooks for hands and a buzzsaw in his chest. Gigan
66%
Robot version of the three-headed dragon Mechaghidorah
65%
Horned four-legged creature with a spikey shell Anguirus
64%
Flying superhero robot that can increase his size Jet Jaguar
62%
Multi-legged parasites. The female is bigger, but the male can fly M.U.T.O.
62%
Flying, demon-like monster that evolved in stages into its ultimate form Destoroyah
61%
Cheap American imitation of the King Zilla
61%
Carnivorous and intelligent plant Biollante
60%
The Smog Monster Hedorah
59%
Original name of the King's son Minilla
57%
Giant lobster Ebirah
55%
Shoots bombs out of his mouth and has drills for hands Megalon
53%
More recent and obvious name for the King's son Godzilla Jr.
51%
Evil version of the benevolent earth guardian Battra
49%
Alternate name for three-headed dragon Monster X
49%
Really hot verison of the pterodactyl Fire Rodan
48%
Giant spider Kumonga
48%
Sea serpent Manda
48%
Agile lion-like creature King Caesar
47%
Four-legged digging creature with a single horn on its nose Baragon
46%
Aquatic monster that creates strong winds by waving his tail fin Titanosaurus
46%
Flying robot with drills for his hands and nose Moguera
44%
Tyrannosaurus-like monster with a killer jump kick Gorosaurus
43%
Amorphous creature from outer space with a very large mouth Orga
43%
Giant praying mantis Kamacuras
41%
Giant insect that can create black holes Megaguirus
41%
Green scale covered monster that can channel electricity through its body Gabara
34%
No matching quizzes found
Score Distribution
Percent of People with Each Score
Percentile by Number Answered
Your Score History
You have not taken this quiz since the last reset